00243 a2200109 4500001000700000020000600007040001100013100001700024240004400041245003900085362000900124169236 a  cMagnum aRevuz, Andre10aMatematica moderna/matematica vivalpor10aMatematica moderna/matematica viva0 a1899